[Event "5th American Continental"]
[Site "Sao Paulo BRA"]
[Date "2009.07.26"]
[Round "3.40"]
[White "Rodi, Luis Ernesto"]
[Black "Almeida Junior, Benone Lopes de"]
[Result "1/2-1/2"]
[WhiteElo "2375"]
[BlackElo "2188"]
[EventDate "2009.07.25"]
[PlyCount "98"]

1.e4 c5 2.Nf3 Nc6 3.d4 cxd4 4.Nxd4 Nf6 5.Nc3 e5 6.Ndb5 d6 7.Bg5 a6 8.Na3 
b5 9.Bxf6 gxf6 10.Nd5 Bg7 11.c3 f5 12.exf5 Bxf5 13.Nc2 O-O 14.Nce3 Be6 15.
Bd3 f5 16.O-O Ne7 17.Nxe7+ Qxe7 18.Bxf5 Bf7 19.Be4 Rad8 20.Nf5 Qf6 21.Nxg7
Kxg7 22.Bd5 Be8 23.Qd3 Bg6 24.Qg3 Kh8 25.f3 Rd7 26.Be4 Bf7 27.Bxh7 Bc4 28.
Bc2 Qh6 29.Rfe1 Rg7 30.Qf2 Rfg8 31.g3 Qh3 32.Kh1 Rxg3 33.Rg1 Rxf3 34.Rxg8+
Bxg8 35.Qg2 Bd5 36.Qxh3+ Rxh3+ 37.Kg1 Re3 38.Bb3 Bxb3 39.axb3 b4 40.Kf2 
Rd3 41.Ke2 Rh3 42.Rxa6 bxc3 43.bxc3 Rxc3 44.Rxd6 Rxb3 45.Kf2 Kg7 46.Re6 
Rb5 47.Ke3 Rb3+ 48.Ke4 Rh3 49.Rxe5 Rxh2 1/2-1/2

[Event "5th American Continental"]
[Site "Sao Paulo BRA"]
[Date "2009.07.26"]
[Round "3.41"]
[White "Baccarin, Natalia Viaro"]
[Black "Duarte, Leonardo"]
[Result "0-1"]
[WhiteElo "1939"]
[BlackElo "2373"]
[EventDate "2009.07.25"]
[PlyCount "58"]

1.e4 c5 2.Nf3 e6 3.d3 Nc6 4.g3 g6 5.Bg2 Bg7 6.O-O d5 7.Nbd2 Nge7 8.Re1 O-O
9.e5 b5 10.Nf1 a5 11.Bf4 b4 12.Qd2 Nf5 13.Ne3 a4 14.a3 Qa5 15.Rab1 Nfd4 
16.Nxd4 Nxd4 17.c4 bxc3 18.bxc3 Nb3 19.Qc2 Ba6 20.Ng4 Qd8 21.h4 Rb8 22.Bg5
Qc7 23.Bf6 h5 24.Rxb3 axb3 25.Qd2 hxg4 26.h5 Kh7 27.Qg5 Bh6 28.hxg6+ fxg6 
29.Qh4 b2 0-1

[Event "5th American Continental"]
[Site "Sao Paulo BRA"]
[Date "2009.07.26"]
[Round "3.42"]
[White "Della Morte, German"]
[Black "Mesias Rojas, Rabindranath"]
[Result "1-0"]
[WhiteElo "2372"]
[BlackElo "2189"]
[EventDate "2009.07.25"]
[PlyCount "49"]

1.e4 e5 2.Nf3 Nf6 3.Nxe5 d6 4.Nf3 Nxe4 5.Nc3 Nxc3 6.dxc3 Be7 7.Bf4 Nc6 8.
Qd2 a6 9.O-O-O Be6 10.Ng5 Bxg5 11.Bxg5 Qd7 12.Re1 h6 13.Bh4 O-O 14.f4 Rfe8
15.h3 Na5 16.b3 c5 17.g4 f6 18.g5 c4 19.Kb2 cxb3 20.axb3 fxg5 21.fxg5 hxg5
22.Qxg5 Bf5 23.Bg2 g6 24.Qh6 Qf7 25.Bd5 1-0

[Event "5th American Continental"]
[Site "Sao Paulo BRA"]
[Date "2009.07.26"]
[Round "3.43"]
[White "Molina, Roberto Junio Brito"]
[Black "Almeida, Heitor de"]
[Result "1/2-1/2"]
[WhiteElo "2370"]
[BlackElo "1958"]
[EventDate "2009.07.25"]
[PlyCount "109"]

1.d4 d5 2.c4 c6 3.e3 Nf6 4.Nc3 e6 5.Nf3 Nbd7 6.Qc2 Be7 7.Bd3 dxc4 8.Bxc4 
b5 9.Be2 a6 10.O-O Bb7 11.e4 c5 12.e5 Nd5 13.Nxd5 Bxd5 14.Bf4 Rc8 15.Qd2 
h6 16.a4 c4 17.axb5 axb5 18.Ne1 Qb6 19.Nc2 Qb7 20.Ne3 Bc6 21.Bg3 Nb6 22.f4
Nd5 23.Nxd5 Bxd5 24.f5 Bg5 25.Bf4 Bxg2 26.Rf2 Bxf4 27.Qxf4 Bd5 28.fxe6 
Bxe6 29.Bf3 Bd5 30.e6 O-O 31.e7 Rfe8 32.Bxd5 Qxd5 33.Re1 f6 34.h4 Kf7 35.
Rfe2 g5 36.Qg4 gxh4 37.Kh2 Qd6+ 38.Kh3 Qg3+ 39.Qxg3 hxg3 40.d5 Rc7 41.d6 
Rd7 42.Rd1 Rg8 43.Rg2 b4 44.Rxg3 Rxg3+ 45.Kxg3 c3 46.bxc3 bxc3 47.Kf4 c2 
48.Re1 Ke8 49.Rc1 Rxd6 50.Rxc2 Kxe7 51.Rh2 Ke6 52.Rxh6 Rd4+ 53.Ke3 Ra4 54.
Rh5 f5 55.Rh8 1/2-1/2

[Event "5th American Continental"]
[Site "Sao Paulo BRA"]
[Date "2009.07.26"]
[Round "3.44"]
[White "Soto Vega, Jorge"]
[Black "Madeira, Wagner Martins"]
[Result "1-0"]
[WhiteElo "2341"]
[BlackElo "2184"]
[EventDate "2009.07.25"]
[PlyCount "75"]

1.e4 d6 2.d4 Nf6 3.Nc3 g6 4.f4 Bg7 5.a3 O-O 6.Nf3 Bg4 7.Be3 d5 8.e5 Ne4 9.
Bd3 Nxc3 10.bxc3 c5 11.h3 Bxf3 12.Qxf3 cxd4 13.cxd4 Nc6 14.h4 e6 15.h5 f5 
16.exf6 Qxf6 17.hxg6 hxg6 18.c3 Kf7 19.g4 Rh8 20.f5 Rxh1+ 21.Qxh1 gxf5 22.
gxf5 Rh8 23.Qf3 Qh4+ 24.Kd2 Qh3 25.fxe6+ Kxe6 26.Qe2 Kd7 27.Rf1 Ne7 28.Rf7
Bh6 29.Rxe7+ Kxe7 30.Bxh6+ Kd7 31.Bf4 Rf8 32.Qe5 Qg2+ 33.Be2 Rc8 34.Qf5+ 
Kd8 35.Bg5+ Kc7 36.Qe5+ Kb6 37.Qd6+ Rc6 38.Bd8# 1-0

[Event "5th American Continental"]
[Site "Sao Paulo BRA"]
[Date "2009.07.26"]
[Round "3.45"]
[White "Bispo, Leonardo"]
[Black "Perez, Federico"]
[Result "0-1"]
[WhiteElo "2129"]
[BlackElo "2435"]
[EventDate "2009.07.25"]
[PlyCount "44"]

1.d4 Nf6 2.c4 c5 3.Nf3 g6 4.g3 Bg7 5.Bg2 O-O 6.O-O Nc6 7.Nc3 d6 8.b3 Bf5 
9.Bb2 Ne4 10.Na4 e5 11.dxe5 dxe5 12.Nh4 Qe7 13.Nxf5 gxf5 14.Bxe4 fxe4 15.
Qd5 Rad8 16.Qxc5 Qd7 17.Qe3 f5 18.Nc3 Nd4 19.Rac1 Qe6 20.Nb5 Bh6 21.Bxd4 
Bxe3 22.Bxe3 Rd1 0-1

[Event "5th American Continental"]
[Site "Sao Paulo BRA"]
[Date "2009.07.26"]
[Round "3.46"]
[White "Cori Tello, Deysi"]
[Black "Restuccia, Francisco"]
[Result "1-0"]
[WhiteElo "2390"]
[BlackElo "2136"]
[EventDate "2009.07.25"]
[PlyCount "75"]

1.d4 Nf6 2.Nf3 g6 3.c4 Bg7 4.g3 O-O 5.Bg2 d6 6.O-O c6 7.Nc3 Qa5 8.e4 Bg4 
9.h3 Bxf3 10.Bxf3 e5 11.Be3 Nbd7 12.a3 Qc7 13.Qd2 Rfe8 14.Rad1 exd4 15.
Bxd4 Nc5 16.Qc2 Ne6 17.Be3 h5 18.Bg2 Qe7 19.Rfe1 Red8 20.f4 Nh7 21.Qf2 Rd7
22.Rd2 Rc8 23.Red1 Nhf8 24.h4 Nc5 25.e5 Nb3 26.Rxd6 Rxd6 27.Rxd6 c5 28.Bh3
Ne6 29.Nd5 Qe8 30.f5 Ned4 31.fxg6 Qxe5 32.Nf6+ Kh8 33.Rd5 Qxf6 34.Rxh5+ 
Kg8 35.gxf7+ Qxf7 36.Qxf7+ Kxf7 37.Bxc8 b6 38.Bb7 1-0

[Event "5th American Continental"]
[Site "Sao Paulo BRA"]
[Date "2009.07.26"]
[Round "3.47"]
[White "Blanco, Cristobal"]
[Black "Palozi, Paulo Ricardo"]
[Result "1-0"]
[WhiteElo "2361"]
[BlackElo "2127"]
[EventDate "2009.07.25"]
[PlyCount "173"]

1.e4 e5 2.Nf3 Nc6 3.Nc3 Nf6 4.g3 d5 5.exd5 Nxd5 6.Bg2 Nxc3 7.bxc3 Be7 8.d3
O-O 9.O-O f5 10.Qe2 Bf6 11.Rb1 Re8 12.Re1 Rb8 13.Nd2 Na5 14.Bb2 Be6 15.c4 
Bf7 16.Bc3 b6 17.Bxa5 bxa5 18.Rxb8 Qxb8 19.Rb1 Qd8 20.Rb7 Qd6 21.Qf3 e4 
22.Qxf5 g6 23.Qxa5 e3 24.fxe3 Rxe3 25.Qxc7 Qxc7 26.Rxc7 Re2 27.Nb3 Rxc2 
28.Rxa7 Rc3 29.Be4 Be6 30.Rb7 Rc2 31.h4 Rxa2 32.h5 gxh5 33.Bxh7+ Kf8 34.
Bg6 h4 35.gxh4 Bxh4 36.Rb5 Bg4 37.Be4 Rb2 38.Bg2 Bg3 39.Rg5 Rxb3 40.Be4 
Bf3 41.Rf5+ Ke7 42.Rxf3 Bd6 43.Kg2 Rc3 44.Rh3 Be5 45.Kf3 Bd4 46.Bf5 Kd6 
47.Ke4 Bg1 48.Rh6+ Kc5 49.Bd7 Rc1 50.Rc6+ Kb4 51.Bf5 Rf1 52.Rh6 Kc5 53.Ke5
Bd4+ 54.Ke6 Ra1 55.Rh5 Ra6+ 56.Ke7 Ra7+ 57.Bd7+ Kb4 58.Kd6 Ra6+ 59.Kd5 
Ra5+ 60.Bb5 Kc3 61.Ke4 Bf2 62.d4 Ra1 63.Rh3+ Kb4 64.Rd3 Rh1 65.d5 Kc5 66.
d6 Re1+ 67.Kf5 Bh4 68.Rd5+ Kb6 69.d7 Bd8 70.Rd6+ Kb7 71.Rc6 Rf1+ 72.Kg6 
Rd1 73.Rc8 Bc7 74.Kf5 Rf1+ 75.Ke4 Re1+ 76.Kd3 Rd1+ 77.Kc2 Rd4 78.Kc3 Rd1 
79.c5 Rd5 80.Kc4 Rd1 81.Ba4 Rd2 82.Kb4 Rd3 83.Kc4 Rd2 84.Re8 Ba5 85.Kb5 
Bc7 86.Bb3 Rd4 87.Bc2 1-0

[Event "5th American Continental"]
[Site "Sao Paulo BRA"]
[Date "2009.07.26"]
[Round "3.48"]
[White "Macias Murillo, Bryan"]
[Black "Jukemura, Leandro"]
[Result "1-0"]
[WhiteElo "2335"]
[BlackElo "2123"]
[EventDate "2009.07.25"]
[PlyCount "53"]

1.Nf3 d5 2.c4 c6 3.d4 Nf6 4.Qc2 e6 5.g3 Nbd7 6.Bg2 Bd6 7.O-O O-O 8.Nbd2 
Qe7 9.b3 b6 10.Bb2 Bb7 11.e4 dxe4 12.Nxe4 Nxe4 13.Qxe4 Nf6 14.Qe2 Ba3 15.
Bc3 Bb4 16.Bb2 Ba3 17.Bxa3 Qxa3 18.Ne5 Rac8 19.Rad1 Rfd8 20.Rd2 a5 21.Rfd1
Rd6 22.c5 bxc5 23.Nc4 Ba6 24.Nxa3 Bxe2 25.Rxe2 a4 26.Red2 Rcd8 27.Nc4 1-0

[Event "5th American Continental"]
[Site "Sao Paulo BRA"]
[Date "2009.07.26"]
[Round "3.49"]
[White "Santiago, Yago de Moura"]
[Black "Daneri, Martin"]
[Result "0-1"]
[WhiteElo "2327"]
[BlackElo "2121"]
[EventDate "2009.07.25"]
[PlyCount "60"]

1.e4 e6 2.d4 d5 3.Nc3 Bb4 4.e5 c5 5.a3 Bxc3+ 6.bxc3 Qa5 7.Bd2 Qa4 8.Qb1 c4
9.f4 Nc6 10.Nf3 f5 11.g3 Nge7 12.Bg2 Bd7 13.O-O O-O-O 14.Ra2 h6 15.Qa1 Be8
16.Rb1 Bh5 17.Rb4 Nxb4 18.axb4 Qb5 19.Ra5 Qb6 20.b5 Bxf3 21.Bxf3 Kd7 22.
Qa4 Nc8 23.Bc1 Ke7 24.Bh5 Kf8 25.Ba3+ Kg8 26.Bg6 h5 27.Bc5 Qc7 28.Rxa7 
Nxa7 29.Qxa7 Rh6 30.Bb6 Qb8 0-1

[Event "5th American Continental"]
[Site "Sao Paulo BRA"]
[Date "2009.07.26"]
[Round "3.50"]
[White "Maia, Jose Eduardo Bastos"]
[Black "Quinones Paucar, Cesar"]
[Result "1/2-1/2"]
[WhiteElo "2118"]
[BlackElo "2318"]
[EventDate "2009.07.25"]
[PlyCount "69"]

1.d4 d5 2.Nf3 c6 3.c3 Bf5 4.Bf4 e6 5.e3 Nd7 6.Be2 Be7 7.Nbd2 Ngf6 8.h3 Ne4
9.Nxe4 Bxe4 10.Qb3 Qb6 11.O-O f6 12.Nd2 Bg6 13.Bg4 Bf7 14.Bg3 O-O 15.Qc2 
f5 16.Be2 Nf6 17.b4 Qd8 18.Nb3 Ne4 19.Be5 Bd6 20.Bxd6 Qxd6 21.Nc5 b6 22.
Nd3 Rac8 23.f3 Nf6 24.Rfc1 Nd7 25.f4 c5 26.Qd2 c4 27.Ne5 Nxe5 28.dxe5 Qc6 
29.a4 Rfd8 30.Qd4 Rc7 31.Kf2 Rb8 32.a5 b5 33.Rg1 Qa8 34.g4 Bg6 35.g5 
1/2-1/2

[Event "5th American Continental"]
[Site "Sao Paulo BRA"]
[Date "2009.07.26"]
[Round "3.51"]
[White "Moyses Filho, Joao"]
[Black "Matsuura, Frederico"]
[Result "0-1"]
[WhiteElo "2118"]
[BlackElo "2303"]
[EventDate "2009.07.25"]
[PlyCount "100"]

1.e4 e6 2.Nf3 d5 3.exd5 exd5 4.d4 Bd6 5.Bd3 Nc6 6.c3 Bg4 7.O-O Qd7 8.a4 
O-O-O 9.Na3 Nge7 10.Nb5 Ng6 11.Nxd6+ Qxd6 12.h3 Bd7 13.b4 Nf4 14.Bxf4 Qxf4
15.Re1 Rhe8 16.Qd2 Qf6 17.Qg5 Qxg5 18.Nxg5 f6 19.Nxh7 Rxe1+ 20.Rxe1 Rh8 
21.b5 Nd8 22.Re7 Ne6 23.Rf7 Kd8 24.Bf5 Be8 25.Bxe6 Bxf7 26.Bxf7 Rxh7 27.
Bxd5 Kc8 28.f4 Rh8 29.Kf2 a6 30.Kf3 Re8 31.Be4 Kb8 32.h4 Ka7 33.g4 Kb6 34.
bxa6 bxa6 35.h5 Ka5 36.g5 fxg5 37.fxg5 Rf8+ 38.Kg4 Kxa4 39.Bd5 a5 40.h6 
gxh6 41.gxh6 Rf2 42.h7 Rh2 43.Bg8 Ka3 44.d5 a4 45.Kf5 Kb2 46.Ke5 a3 47.d6 
cxd6+ 48.Kxd6 Kxc3 49.Ke5 Rxh7 50.Bxh7 a2 0-1

[Event "5th American Continental"]
[Site "Sao Paulo BRA"]
[Date "2009.07.26"]
[Round "3.52"]
[White "Romero Pino, Claudio"]
[Black "Shiroma, Silvio Haruo"]
[Result "1-0"]
[WhiteElo "2299"]
[BlackElo "2119"]
[EventDate "2009.07.25"]
[PlyCount "109"]

1.d4 Nf6 2.c4 g6 3.Nc3 Bg7 4.e4 d6 5.Be2 O-O 6.Nf3 e5 7.d5 a5 8.Bg5 h6 9.
Bh4 Na6 10.Nd2 Qe8 11.a3 Bd7 12.b3 Nh7 13.f3 h5 14.Rb1 Bh6 15.Bf2 Qe7 16.
b4 axb4 17.axb4 Qg5 18.g3 b6 19.Nf1 Qe7 20.Ne3 Ng5 21.Nc2 Nh3 22.Ra1 f5 
23.c5 fxe4 24.Nxe4 Bf5 25.Rf1 Bxe4 26.fxe4 Nxb4 27.Nxb4 Rxa1 28.Qxa1 Qg5 
29.Qc3 Nxf2 30.Rxf2 Qd2+ 31.Qxd2 Bxd2+ 32.Kxd2 Rxf2 33.c6 Kf8 34.Ke3 Rf7 
35.Nc2 Ke7 36.Ne1 Rf8 37.Nf3 Ra8 38.Ng5 Ra3+ 39.Kf2 Kd8 40.Ne6+ Kc8 41.Nf8
Ra2 42.Ke3 b5 43.Bxb5 Rxh2 44.Ba6+ Kb8 45.Nxg6 Ka7 46.Be2 Rg2 47.Kf3 Rh2 
48.Nh4 Kb6 49.Ke3 Rh3 50.Kf2 Rh2+ 51.Kf1 Rh1+ 52.Kg2 Re1 53.Kf2 Rh1 54.
Bxh5 Kc5 55.Bf3 1-0

[Event "5th American Continental"]
[Site "Sao Paulo BRA"]
[Date "2009.07.26"]
[Round "3.53"]
[White "Feliciano, Vanessa"]
[Black "Sega, Carlos Alberto"]
[Result "1/2-1/2"]
[WhiteElo "2112"]
[BlackElo "2293"]
[EventDate "2009.07.25"]
[PlyCount "38"]

1.e4 e5 2.Nf3 Nf6 3.d4 Nxe4 4.Bd3 d5 5.dxe5 Be7 6.O-O Nc6 7.Nc3 Nxc3 8.
bxc3 O-O 9.h3 Be6 10.Rb1 Rb8 11.Qe2 Qd7 12.Nd4 Nxd4 13.cxd4 c5 14.c3 Bf5 
15.Bxf5 Qxf5 16.Ba3 Rfc8 17.Rb5 a6 18.Rb6 Bd8 19.Rb3 cxd4 1/2-1/2

[Event "5th American Continental"]
[Site "Sao Paulo BRA"]
[Date "2009.07.26"]
[Round "3.54"]
[White "Aranha Filho, Alvaro Zimmermann"]
[Black "Veit, Darlan Rodrigo"]
[Result "1/2-1/2"]
[WhiteElo "2292"]
[BlackElo "2105"]
[EventDate "2009.07.25"]
[PlyCount "49"]

1.d4 d5 2.Nf3 c6 3.c4 e6 4.Qc2 Nf6 5.Nbd2 Nbd7 6.g3 Be7 7.Bg2 O-O 8.O-O b6
9.b3 Bb7 10.Bb2 Rc8 11.e4 dxe4 12.Nxe4 Qc7 13.Nxf6+ Bxf6 14.Rad1 Rfd8 15.
Rfe1 c5 16.dxc5 bxc5 17.h4 Bxf3 18.Bxf3 Bxb2 19.Qxb2 Nf8 20.Qc3 a5 21.Be4 
Rxd1 22.Rxd1 Rd8 23.Rxd8 Qxd8 24.Kg2 f6 25.Kh2 1/2-1/2

[Event "5th American Continental"]
[Site "Sao Paulo BRA"]
[Date "2009.07.26"]
[Round "3.55"]
[White "Guimaraes, Wagner Peixoto"]
[Black "Prieto Sanabria, Ernesto"]
[Result "0-1"]
[WhiteElo "2291"]
[BlackElo "2104"]
[EventDate "2009.07.25"]
[PlyCount "48"]

1.e4 e5 2.Nf3 Nf6 3.Nc3 Nc6 4.Bb5 Bb4 5.O-O Bxc3 6.dxc3 d6 7.Re1 Bd7 8.h3 
Qe7 9.Nh4 g6 10.Bf1 O-O-O 11.Qf3 Nh5 12.g3 Nf4 13.Kh2 h5 14.b4 Rde8 15.Qe3
Kb8 16.a4 Qf6 17.a5 g5 18.b5 Ne7 19.gxf4 gxf4 20.Qf3 Qxh4 21.b6 Bg4 22.
bxa7+ Kxa7 23.Qd3 Qxf2+ 24.Bg2 Qxe1 0-1

[Event "5th American Continental"]
[Site "Sao Paulo BRA"]
[Date "2009.07.26"]
[Round "3.56"]
[White "Barbosa, Evandro Amorim"]
[Black "Chaves, Jorge Antonio Torres"]
[Result "1-0"]
[WhiteElo "2279"]
[BlackElo "2102"]
[EventDate "2009.07.25"]
[PlyCount "61"]

1.e4 e5 2.Nf3 Nf6 3.d4 Nxe4 4.Bd3 d5 5.dxe5 Nc5 6.O-O Nxd3 7.Qxd3 Be7 8.
Nc3 c6 9.Nd4 Na6 10.Qg3 g6 11.Bh6 Nc5 12.Rad1 Bd7 13.Rfe1 Rg8 14.a3 Bh4 
15.Qe3 Ne6 16.Nxe6 fxe6 17.Ne2 Be7 18.Qh3 Qc8 19.c4 b6 20.Nf4 Qb7 21.Nxe6 
Qc8 22.Ng7+ Rxg7 23.e6 Rg8 24.exd7+ Qxd7 25.Bg5 Rg7 26.Bxe7 Rxe7 27.Qxh7 
Kd8 28.Qh4 Rc8 29.cxd5 Ke8 30.dxc6 Rxc6 31.Qh8+ 1-0

[Event "5th American Continental"]
[Site "Sao Paulo BRA"]
[Date "2009.07.26"]
[Round "3.57"]
[White "Pires, Marcos Vinicius Torsani"]
[Black "Chemin, Justo Reinaldo"]
[Result "0-1"]
[WhiteElo "2100"]
[BlackElo "2278"]
[EventDate "2009.07.25"]
[PlyCount "82"]

1.d4 d5 2.c4 e6 3.Nc3 c6 4.cxd5 exd5 5.Qc2 Nf6 6.Bg5 Be7 7.e3 Nbd7 8.Bd3 
O-O 9.Nf3 Re8 10.O-O-O Nf8 11.Ne5 Ng6 12.f4 Nf8 13.Qe2 N6d7 14.Nf3 Ne6 15.
Bxe7 Qxe7 16.Qc2 Ndf8 17.Rde1 Bd7 18.h4 Qd6 19.Rhf1 c5 20.f5 Nc7 21.f6 
gxf6 22.dxc5 Qxc5 23.Nd4 Re5 24.Qf2 Qe7 25.Qf4 Re8 26.Rf3 h5 27.Rg3+ Bg4 
28.Nf5 Rxf5 29.Bxf5 Ng6 30.Bxg6 fxg6 31.Rf1 Kg7 32.Qd4 Qe5 33.Rf4 b6 34.
Nd1 Nb5 35.Qxe5 Rxe5 36.Nf2 f5 37.Nd3 Re7 38.Nb4 Rd7 39.e4 dxe4 40.Re3 
Rd1+ 41.Kc2 Nd4+ 0-1

[Event "5th American Continental"]
[Site "Sao Paulo BRA"]
[Date "2009.07.26"]
[Round "3.58"]
[White "Cajal, Andre"]
[Black "Oliveira, Jefferson dos Santos"]
[Result "0-1"]
[WhiteElo "2092"]
[BlackElo "2274"]
[EventDate "2009.07.25"]
[PlyCount "68"]

1.e4 c5 2.Nf3 d6 3.d4 cxd4 4.Nxd4 Nf6 5.Nc3 a6 6.a4 e5 7.Nb3 Be6 8.Be2 Be7
9.Be3 O-O 10.Nd5 Nbd7 11.f3 Bxd5 12.exd5 Nh5 13.Qd2 f5 14.O-O f4 15.Bf2 
Bh4 16.Qe1 Bxf2+ 17.Qxf2 Qg5 18.Nd2 Ng3 19.Ne4 Nxe4 20.fxe4 Rac8 21.c3 Qg6
22.Qf3 Nf6 23.Bd3 Ng4 24.Qh3 Rc7 25.Kh1 Rf6 26.Qf3 Qg5 27.Be2 Ne3 28.Rf2 
Rh6 29.Kg1 Rf7 30.g4 Rh4 31.h3 h5 32.Rh2 Rf6 33.Kh1 hxg4 34.hxg4 Rfh6 0-1

[Event "5th American Continental"]
[Site "Sao Paulo BRA"]
[Date "2009.07.26"]
[Round "3.60"]
[White "Torres, Douglas da Silva"]
[Black "Caldeira Marques, Adriano"]
[Result "0-1"]
[WhiteElo "2069"]
[BlackElo "2268"]
[EventDate "2009.07.25"]
[PlyCount "34"]

1.d4 d5 2.c4 c6 3.cxd5 cxd5 4.Nc3 Nf6 5.Nf3 Nc6 6.Bf4 Bg4 7.Ne5 Qb6 8.Nxg4
Nxg4 9.Nxd5 Qa5+ 10.Nc3 e5 11.dxe5 Qb6 12.Bg3 Qxb2 13.Qc1 Ba3 14.Nd5 Qxc1+
15.Rxc1 Bxc1 16.Nc7+ Kd7 17.Nxa8 Rxa8 0-1

[Event "5th American Continental"]
[Site "Sao Paulo BRA"]
[Date "2009.07.26"]
[Round "3.61"]
[White "Cordoba Ramirez, Carlos"]
[Black "Saito, Vinicius Ikezu"]
[Result "1-0"]
[WhiteElo "2268"]
[BlackElo "2080"]
[EventDate "2009.07.25"]
[PlyCount "33"]

1.d4 Nf6 2.c4 g6 3.Nc3 Bg7 4.e4 d6 5.Be2 O-O 6.Nf3 Na6 7.O-O e5 8.Be3 exd4
9.Nxd4 Nc5 10.f3 a5 11.Ndb5 b6 12.Qd2 Be6 13.Rad1 Qe7 14.Bg5 Na6 15.Qf4 
Rfe8 16.Qh4 Rad8 17.e5 1-0

[Event "5th American Continental"]
[Site "Sao Paulo BRA"]
[Date "2009.07.26"]
[Round "3.62"]
[White "Santana, Anderson Pereira"]
[Black "Bueno Junior, Alfeu Varela"]
[Result "0-1"]
[WhiteElo "2063"]
[BlackElo "2262"]
[EventDate "2009.07.25"]
[PlyCount "54"]

1.e4 e6 2.d4 d5 3.e5 c5 4.c3 Nc6 5.f4 cxd4 6.cxd4 Nge7 7.Nf3 Nf5 8.Bb5 Qb6
9.Nc3 Bb4 10.Bxc6+ bxc6 11.a3 Be7 12.g4 Nh4 13.O-O Ba6 14.Rf2 O-O 15.b4 
Bb5 16.f5 exf5 17.Nxh4 Bxh4 18.Rxf5 f6 19.Rh5 fxe5 20.Nxb5 Bf2+ 21.Kg2 
cxb5 22.dxe5 d4 23.Rf5 Bh4 24.Qf3 Qe6 25.Bf4 g6 26.Rxf8+ Rxf8 27.Qh3 Rxf4 
0-1

[Event "5th American Continental"]
[Site "Sao Paulo BRA"]
[Date "2009.07.26"]
[Round "3.64"]
[White "Quintiliano Pinto, Renato Rodrigues"]
[Black "Barreto Filho, Carlos Alberto"]
[Result "1-0"]
[WhiteElo "2059"]
[BlackElo "2257"]
[EventDate "2009.07.25"]
[PlyCount "93"]

1.e4 c5 2.Nf3 d6 3.d4 cxd4 4.Nxd4 Nf6 5.Nc3 Nc6 6.Bg5 e6 7.Qd2 a6 8.O-O-O 
Qb6 9.Nb3 Be7 10.f3 O-O 11.g4 Rd8 12.Be3 Qc7 13.g5 Nd7 14.h4 b5 15.Kb1 Nb6
16.Qf2 Rb8 17.f4 Na4 18.Ne2 Bb7 19.Ng3 d5 20.exd5 Nb4 21.Bg2 Nxd5 22.Bxd5 
Bxd5 23.Rhg1 Rbc8 24.Bd4 Bd6 25.Rge1 Bxf4 26.Nh5 Bf3 27.Qxf3 Qxc2+ 28.Ka1 
Rxd4 29.Rb1 Be5 30.Rxe5 Rxh4 31.Nf4 Rh2 32.Re2 Rxe2 33.Nxe2 Qg6 34.Qf4 Nb6
35.Rc1 Rf8 36.Nc5 Nd5 37.Qe5 h6 38.gxh6 Qxh6 39.Rg1 Qf6 40.Qe4 Rc8 41.Nd7 
Qf5 42.Qd4 f6 43.Nc5 Nb4 44.Qxb4 Rxc5 45.a3 Qe5 46.Nf4 Kf7 47.Nd3 1-0

[Event "5th American Continental"]
[Site "Sao Paulo BRA"]
[Date "2009.07.26"]
[Round "3.65"]
[White "Pinheiro, Iung Alicio de Oliveira"]
[Black "Martinez, Daniel"]
[Result "1-0"]
[WhiteElo "2257"]
[BlackElo "2060"]
[EventDate "2009.07.25"]
[PlyCount "171"]

1.e4 e5 2.Nf3 Nc6 3.Nc3 Nf6 4.g3 d6 5.h3 g6 6.d4 exd4 7.Nxd4 Bg7 8.Nde2 
Bd7 9.Bg2 Qe7 10.Be3 Ne5 11.b3 Bc6 12.Nd4 Ned7 13.Nxc6 bxc6 14.O-O O-O 15.
Re1 Nh5 16.Qd2 Bh8 17.Rad1 Ng7 18.Bd4 Ne6 19.Bxh8 Kxh8 20.f4 f6 21.Nd5 Qg7
22.Nb4 Nd8 23.Qc3 Nb6 24.Nxc6 Nxc6 25.Qxc6 Rae8 26.Kh2 Re7 27.Rf1 Rfe8 28.
Rd2 Re6 29.Qc3 Qe7 30.Rdf2 Nd7 31.Qxc7 Nc5 32.Qxe7 R6xe7 33.Rd1 Nxe4 34.
Bxe4 Rxe4 35.Rxd6 f5 36.Ra6 R8e7 37.Kg2 Kg7 38.Rd2 Re3 39.Kf2 Rc3 40.Rad6 
Ree3 41.Rd7+ Kh6 42.R7d3 Rexd3 43.cxd3 Kg7 44.Ke3 Kf7 45.g4 Rc1 46.gxf5 
gxf5 47.Kd4 Kf6 48.Rf2 h5 49.Kd5 h4 50.Re2 Rf1 51.Re6+ Kf7 52.Ra6 Rxf4 53.
Ke5 Rf3 54.d4 Rxh3 55.Kxf5 Rd3 56.Rxa7+ Kg8 57.Ke4 Rd1 58.Ra5 Rd2 59.Rh5 
Rxa2 60.Rxh4 Re2+ 61.Kd5 Re3 62.b4 Kf7 63.Kd6 Re6+ 64.Kc5 Ke7 65.d5 Re1 
66.Rh7+ Kd8 67.Kc6 Rc1+ 68.Kd6 Kc8 69.b5 Rb1 70.Rc7+ Kb8 71.Rc5 Kb7 72.
Rc7+ Kb8 73.Rh7 Rxb5 74.Kc6 Rb1 75.Rh8+ Ka7 76.d6 Rc1+ 77.Kd7 Kb7 78.Rh2 
Rb1 79.Kd8 Kb8 80.d7 Kb7 81.Re2 Rh1 82.Ke7 Rh7+ 83.Kd6 Rh6+ 84.Re6 Rh8 85.
Re8 Rh6+ 86.Ke5 1-0

[Event "5th American Continental"]
[Site "Sao Paulo BRA"]
[Date "2009.07.26"]
[Round "3.66"]
[White "Mariano, Marceley Martins"]
[Black "Borda, Alan"]
[Result "0-1"]
[WhiteElo "2040"]
[BlackElo "2255"]
[EventDate "2009.07.25"]
[PlyCount "60"]

1.e4 e5 2.Nf3 d6 3.d4 Nf6 4.Nc3 Nbd7 5.Bc4 c6 6.dxe5 Ng4 7.Bxf7+ Kxf7 8.
Ng5+ Kg8 9.Qxg4 Nxe5 10.Qe2 h6 11.Nf3 Bg4 12.Bf4 Qf6 13.Bxe5 dxe5 14.O-O-O
Kh7 15.h3 Be6 16.Nh2 Bc5 17.f3 Bd4 18.Ng4 Qe7 19.Qd3 Rhd8 20.Kb1 Qb4 21.a3
Qa5 22.Ne3 b5 23.Nf5 b4 24.axb4 Qxb4 25.Nxd4 Rxd4 26.Qe3 Rb8 27.b3 Bxb3 
28.Rxd4 exd4 29.Qf2 Qxc3 30.Kc1 Ba2 0-1

[Event "5th American Continental"]
[Site "Sao Paulo BRA"]
[Date "2009.07.26"]
[Round "3.67"]
[White "Andrade, Roberto Luiz Costa"]
[Black "Chang, Suzana"]
[Result "1-0"]
[WhiteElo "2251"]
[BlackElo "2047"]
[EventDate "2009.07.25"]
[PlyCount "51"]

1.e4 c5 2.Nf3 e6 3.d4 cxd4 4.Nxd4 a6 5.Bd3 Qb6 6.Nb3 Qc7 7.O-O Nf6 8.c4 d6
9.Nc3 Be7 10.Be3 Nbd7 11.f4 b6 12.Rc1 Nc5 13.Nxc5 bxc5 14.h3 h5 15.f5 Nd7 
16.fxe6 fxe6 17.Qa4 Bf6 18.e5 dxe5 19.Bg6+ Ke7 20.Rcd1 Rb8 21.Qa3 Rb4 22.
b3 Bb7 23.Na4 Qc6 24.Rxd7+ Kxd7 25.Nxc5+ Kc8 26.Be4 1-0

[Event "5th American Continental"]
[Site "Sao Paulo BRA"]
[Date "2009.07.26"]
[Round "3.68"]
[White "Gattass, Allan"]
[Black "Santos Junior, Braulio dos"]
[Result "1-0"]
[WhiteElo "2249"]
[BlackElo "2035"]
[EventDate "2009.07.25"]
[PlyCount "49"]

1.e4 e5 2.Nf3 Nc6 3.Bb5 f5 4.d3 Nf6 5.exf5 Bc5 6.O-O O-O 7.Bxc6 dxc6 8.
Nxe5 Bxf5 9.Be3 Bd6 10.d4 c5 11.Nd2 cxd4 12.Bxd4 c5 13.Bc3 b5 14.b3 Qc7 
15.f4 Nd5 16.Ndc4 Nxc3 17.Qxd6 Qxd6 18.Nxd6 Bxc2 19.Rf2 Bf5 20.Nc6 Bd3 21.
Ne5 Bf5 22.Re1 Rad8 23.Nxf5 Rxf5 24.Nc6 Rd1 25.Rxd1 1-0

[Event "5th American Continental"]
[Site "Sao Paulo BRA"]
[Date "2009.07.26"]
[Round "3.69"]
[White "Borges, Leomar Barbero"]
[Black "Rodrigues, Nei Jorge"]
[Result "0-1"]
[WhiteElo "2242"]
[BlackElo "2033"]
[EventDate "2009.07.25"]
[PlyCount "119"]

1.Nf3 d5 2.b3 c5 3.e3 Nc6 4.Bb2 Bg4 5.h3 Bh5 6.Bb5 Qb6 7.a4 a6 8.Bxc6+ 
Qxc6 9.g4 Bg6 10.Ne5 Qc7 11.d3 e6 12.f4 f6 13.Nf3 Ne7 14.Qe2 h5 15.Rg1 
hxg4 16.hxg4 Nc6 17.Nbd2 O-O-O 18.O-O-O Bd6 19.g5 f5 20.Rde1 e5 21.fxe5 
Nxe5 22.Nxe5 Bxe5 23.Bxe5 Qxe5 24.Nf3 Qc3 25.Kb1 Rde8 26.Qf2 Qb4 27.Rd1 
Rhf8 28.Nh4 Bh5 29.Rde1 c4 30.dxc4 dxc4 31.Ka2 cxb3+ 32.cxb3 f4 33.exf4 
Rxe1 34.Rxe1 Bf7 35.Qc2+ Kb8 36.Rc1 Qxa4+ 37.Kb2 Qxf4 38.Ng2 Qxg5 39.Ne1 
Qe5+ 40.Ka2 Qa5+ 41.Kb2 Qe5+ 42.Ka2 Rh8 43.Nf3 Qg3 44.Nd2 Bd5 45.Kb1 Re8 
46.Ka2 Bc6 47.Qc4 Rd8 48.Rc2 g5 49.Qc5 Rd5 50.Qf8+ Ka7 51.Nc4 Rb5 52.Qa3 
Qd3 53.Qb2 g4 54.Rc3 Qd4 55.Qc2 Be4 56.Qc1 Rf5 57.Nb2 Ra5+ 58.Na4 g3 59.
Rc4 Qf2+ 60.Ka3 0-1

[Event "5th American Continental"]
[Site "Sao Paulo BRA"]
[Date "2009.07.26"]
[Round "3.70"]
[White "Chin Li, Victor"]
[Black "D`Israel, Davy Maurice"]
[Result "1/2-1/2"]
[WhiteElo "2034"]
[BlackElo "2240"]
[EventDate "2009.07.25"]
[PlyCount "65"]

1.e4 c5 2.Nf3 Nc6 3.d4 cxd4 4.Nxd4 Nf6 5.Nc3 e5 6.Ndb5 d6 7.Bg5 a6 8.Bxf6 
gxf6 9.Na3 b5 10.Nd5 Bg7 11.Bd3 Ne7 12.Nxe7 Qxe7 13.O-O O-O 14.c4 f5 15.
cxb5 d5 16.exd5 e4 17.Bc4 Bxb2 18.Nc2 f4 19.Rb1 Be5 20.Qh5 Qf6 21.Nb4 axb5
22.Bxb5 Bf5 23.Nc6 Bd6 24.a4 Bg6 25.Qg4 Kh8 26.Qe2 Qg5 27.f3 exf3 28.Qxf3 
Bxb1 29.Rxb1 Rfe8 30.Qc3+ Kg8 31.Nd4 Rac8 32.Qd3 f6 33.Nf3 1/2-1/2